| 000 | 00399nam a2200145Ia 4500 | ||
|---|---|---|---|
| 008 | 230917s9999||||xx |||||||||||||| ||und|| | ||
| 040 |
_e28435 _aMAIN |
||
| 041 | _aEnglish | ||
| 082 | _a342.549 N423J | ||
| 100 | _aNewberg, Paula R | ||
| 245 | 0 | _aJudging the state: Courts and constitutinal politics in Pakistan | |
| 260 |
_aCambridge _bUniversity Press _c1995 |
||
| 300 | _axi,284 p. | ||
| 942 | _cBK | ||
| 999 |
_c91152 _d91152 |
||